| 000 -LEADER |
| fixed length control field |
01542 a2200241 4500 |
| 003 - CONTROL NUMBER IDENTIFIER |
| control field |
Nust |
| 005 - DATE AND TIME OF LATEST TRANSACTION |
| control field |
20170207153155.0 |
| 010 ## - LIBRARY OF CONGRESS CONTROL NUMBER |
| LC control number |
00025675 |
| 020 ## - INTERNATIONAL STANDARD BOOK NUMBER |
| International Standard Book Number |
0072322047 (alk. paper) |
| 040 ## - CATALOGING SOURCE |
| Transcribing agency |
Nust |
| 082 00 - DEWEY DECIMAL CLASSIFICATION NUMBER |
| Classification number |
004.6 |
| 100 1# - MAIN ENTRY--PERSONAL NAME |
| Personal name |
Forouzan, Behrouz A. |
| 245 10 - TITLE STATEMENT |
| Title |
Data communications and networking / |
| Statement of responsibility, etc. |
Behrouz A. Forouzan ; with Catherine Coombs and Sophia Chung Fegan. |
| 250 ## - EDITION STATEMENT |
| Edition statement |
2nd ed. |
| 260 ## - PUBLICATION, DISTRIBUTION, ETC. |
| Place of publication, distribution, etc. |
Boston : |
| Name of publisher, distributor, etc. |
McGraw-Hill, |
| Date of publication, distribution, etc. |
c2001. |
| 300 ## - PHYSICAL DESCRIPTION |
| Extent |
xxxii, 908 p. : |
| Other physical details |
ill. (some col.) ; |
| Dimensions |
24 cm. |
| 505 ## - FORMATTED CONTENTS NOTE |
| Formatted contents note |
Introduction (Page-1), Basic Concepts (Page-21), The OSI Model (Page-43), Signals (Page-65), Encoding and Modulating (Page-91), Transmission of Digital Data (Page-139), Transmission Media (Page-187), Transmission Media (Page-187), Multiplexing (Page-231), Error Detection and Correction (Page-273), Data Link Control (Page-301), Data Link Protocols (Page-329), Local Area Networks (Page-369), Metropolitan Area Networks (Page-413), Switching (Page-431), Point to Point Protocols (Page-455),Integrated Services Digital Networks (Page-471), X.25 (Page-505), Frame Relay (Page-525), ATM (Page-553), SONET/SDH (Page-593), Networking and Internetworking Device (Page-613), Transport Layer (Page-649), Upper OSI Layers (Page-669), TCP/IP Protocols Suite Part-I (Page-705), TCP/IP Protocols Suite Part-II Application Layer (Page-737), |
| 538 ## - SYSTEM DETAILS NOTE |
| System details note |
Almirah No.3 and Shelf No.4 |
| 650 #0 - SUBJECT ADDED ENTRY--TOPICAL TERM |
| Topical term or geographic name entry element |
Computer networks. |
| 650 #0 - SUBJECT ADDED ENTRY--TOPICAL TERM |
| Topical term or geographic name entry element |
Data transmission systems. |
| 700 1# - ADDED ENTRY--PERSONAL NAME |
| Personal name |
Coombs, Catherine Ann. |
| 700 1# - ADDED ENTRY--PERSONAL NAME |
| Personal name |
Fegan, Sophia Chung. |
| 942 ## - ADDED ENTRY ELEMENTS (KOHA) |
| Source of classification or shelving scheme |
|
| Koha item type |
Book |